[Event "ch-NOR 2013"]
[Site "Lillehammer NOR"]
[Date "2013.06.29"]
[Round "1.1"]
[White "Hammer, Jon Ludvig"]
[Black "Getz, Nicolai"]
[Result "1-0"]
[WhiteTitle "GM"]
[BlackTitle "IM"]
[WhiteElo "2599"]
[BlackElo "2359"]
[WhiteFideId "1503707"]
[BlackFideId "1505572"]
[EventDate "2013.06.29"]

1. d4 Nf6 2. c4 e6 3. Nf3 Bb4+ 4. Bd2 Qe7 5. g3 Bxd2+ 6. Qxd2 Nc6 7. Nc3 d5 8.
Bg2 dxc4 9. Ne5 O-O 10. Nxc4 Rd8 11. Bxc6 bxc6 12. Na5 Qb4 13. Ne4 Qxd2+ 14.
Nxd2 Rxd4 15. Nxc6 Rd6 16. Na5 Ba6 17. Rc1 Rad8 18. Ndb3 e5 19. Nc5 Bxe2 20.
Kxe2 Rd2+ 21. Kf3 e4+ 22. Kg2 e3 23. Rhf1 e2 24. Rfe1 Rxb2 25. a4 Ra2 26. Nc6
Rdd2 27. Nxa7 Nd5 28. Nb5 Rd1 29. Rxe2 1-0

[Event "ch-NOR 2013"]
[Site "Lillehammer NOR"]
[Date "2013.06.29"]
[Round "1.2"]
[White "Devereaux, Maxim L"]
[Black "Lie, Kjetil A."]
[Result "0-1"]
[WhiteTitle "IM"]
[BlackTitle "GM"]
[WhiteElo "2356"]
[BlackElo "2532"]
[WhiteFideId "408280"]
[BlackFideId "1501984"]
[EventDate "2013.06.29"]

1. d4 Nf6 2. Bg5 e6 3. Nd2 c5 4. e3 Be7 5. c3 b6 6. Ngf3 Bb7 7. Nc4 b5 8. Ncd2
cxd4 9. cxd4 a6 10. Bd3 Nc6 11. O-O h6 12. Bh4 g5 13. Bg3 h5 14. Nxg5 h4 15. Bf4
Nd5 16. Nh3 Nxf4 17. Nxf4 Qc7 18. d5 Nb4 19. Rc1 Qd6 20. Ne4 Qe5 21. Nc5 Bxd5
22. Nxd5 Nxd5 23. Qf3 Bd6 24. g3 hxg3 25. hxg3 Ke7 26. Be4 Rh5 27. Nd3 Qh8 28.
Bxd5 Rxd5 29. Rfd1 Rg8 30. Nf4 Rxd1+ 31. Rxd1 Qxb2 32. Qe4 Qe5 33. Qh7 Rg7 34.
Qd3 Qc5 35. Ne2 Rg5 36. e4 Qc7 37. Kg2 Rc5 38. Qe3 Be5 39. Nd4 Rc3 40. Qg5+ Bf6
41. Qd2 Rc4 42. Nb3 Rxe4 43. Qxd7+ Qxd7 44. Rxd7+ Kxd7 45. Nc5+ Kc6 46. Nxe4 Be7
47. Kf3 Kd5 48. Ke3 Kc4 49. g4 Kb4 50. Kd3 Ka3 51. f4 Kxa2 52. Kc2 b4 53. Nd2 a5
54. Nb3 a4 55. Nc1+ Ka1 56. f5 exf5 57. gxf5 Bf6 0-1

[Event "ch-NOR 2013"]
[Site "Lillehammer NOR"]
[Date "2013.06.29"]
[Round "1.4"]
[White "Hole, Oystein"]
[Black "Elsness, Frode"]
[Result "0-1"]
[WhiteTitle "IM"]
[BlackTitle "IM"]
[WhiteElo "2353"]
[BlackElo "2494"]
[WhiteFideId "1501526"]
[BlackFideId "1501100"]
[EventDate "2013.06.29"]

1. Nf3 Nf6 2. c4 c5 3. Nc3 e6 4. g3 b6 5. Bg2 Bb7 6. O-O Be7 7. Re1 a6 8. e4 d6
9. d4 cxd4 10. Nxd4 Qc7 11. Be3 O-O 12. Rc1 Nbd7 13. f4 Rac8 14. b3 Rfe8 15. g4
Nc5 16. Bf2 g6 17. Bg3 Bf8 18. Bf3 e5 19. fxe5 dxe5 20. Nd5 Qd8 21. Nc2 Bh6 22.
Rb1 Nxd5 23. cxd5 Qd6 24. Ne3 b5 25. h4 Bf4 26. Bxf4 exf4 27. Ng2 h6 28. Qd4 Nd7
29. Rbc1 Ne5 30. Kf2 Qf6 31. Qd2 g5 32. hxg5 hxg5 33. Ke2 Qg6 34. Qd4 Nxg4 35.
Rxc8 Bxc8 36. d6 Ne5 37. Rg1 Nxf3 38. Kxf3 Rxe4 39. d7 g4+ 40. Kf2 Bxd7 41. Qxd7
Qb6+ 42. Kf1 g3 43. Qd2 Rd4 44. Qe2 Re4 45. Qd2 Qh6 46. Qd5 Re8 47. Qd2 Re4 48.
Qd5 Qe6 49. Qd8+ Kg7 50. Qg5+ Qg6 51. Qd5 f3 52. Nf4 Re1+ 53. Kxe1 f2+ 54. Kd2
fxg1=Q 55. Nxg6 Qf2+ 56. Kd3 Kxg6 57. Qd6+ Kh7 58. Qe5 Qf3+ 59. Kd4 g2 60. Qh2+
Kg6 61. Ke5 Qe3+ 0-1

[Event "ch-NOR 2013"]
[Site "Lillehammer NOR"]
[Date "2013.06.29"]
[Round "1.5"]
[White "Urkedal, Frode"]
[Black "Stubberud, Ornulf"]
[Result "1/2-1/2"]
[WhiteTitle "IM"]
[BlackTitle "FM"]
[WhiteElo "2470"]
[BlackElo "2327"]
[WhiteFideId "1506102"]
[BlackFideId "1503758"]
[EventDate "2013.06.29"]

1. d4 d5 2. c4 e6 3. Nc3 Be7 4. cxd5 exd5 5. Bf4 c6 6. Qc2 Bd6 7. Bxd6 Qxd6 8.
e3 Ne7 9. Bd3 Qf6 10. Nf3 Bf5 11. e4 dxe4 12. Nxe4 Bxe4 13. Bxe4 Nd7 14. O-O h6
15. Qb3 Rb8 16. Qa3 a6 17. Rae1 O-O 18. Ne5 Rfd8 19. Re3 Nxe5 20. dxe5 Qe6 21.
f4 Nf5 22. Rd3 Rd7 23. Rxd7 Qxd7 24. Bxf5 Qxf5 25. Qd6 Re8 26. h3 Qe6 27. Qxe6
Rxe6 28. Kf2 Kf8 29. Ke3 Re7 30. Rd1 Ke8 31. b4 Rc7 32. Ke4 c5 33. Rc1 c4 34. a4
b5 35. axb5 axb5 36. Kd5 Ke7 37. f5 Rc8 38. Rc3 Rc7 39. g4 Rc8 40. h4 Rc7 41. g5
hxg5 42. hxg5 Rc8 43. f6+ gxf6 44. exf6+ Kf8 45. Kd6 Re8 46. Rf3 Re6+ 47. Kd5
Re8 48. Kd4 Rc8 49. Kc3 Kg8 50. Rf5 Rb8 51. Rc5 Kh7 52. Kd4 Kg6 53. Ke4 Rb6 54.
Kf4 Rb8 55. Ke3 Rb6 56. Kf3 Rb8 57. Kf4 Rh8 58. Rxb5 Rh4+ 59. Ke3 c3 60. Kd3 Rc4
61. Kc2 Kh5 62. Rb7 Kxg5 63. Rxf7 Rxb4 64. Kxc3 Rf4 65. Rf8 Rxf6 66. Rxf6 Kxf6 1/2-1/2

[Event "ch-NOR 2013"]
[Site "Lillehammer NOR"]
[Date "2013.06.29"]
[Round "1.6"]
[White "Kvisvik, Brede"]
[Black "Ostenstad, Berge"]
[Result "0-1"]
[WhiteTitle "FM"]
[BlackTitle "GM"]
[WhiteElo "2312"]
[BlackElo "2467"]
[WhiteFideId "1502999"]
[BlackFideId "1500058"]
[EventDate "2013.06.29"]

1. d4 Nf6 2. c4 g6 3. Nc3 d5 4. Nf3 Bg7 5. Qa4+ c6 6. cxd5 Nxd5 7. e4 Nxc3 8.
bxc3 O-O 9. Be3 Nd7 10. Be2 e5 11. O-O Re8 12. Qc2 Qe7 13. Bc4 h6 14. Rae1 Nb6
15. Bb3 exd4 16. cxd4 Bg4 17. Ne5 Be6 18. Nxg6 fxg6 19. d5 Bf7 20. Bc5 Qd7 21.
dxc6 bxc6 22. f4 Bxb3 23. axb3 Rad8 24. Rd1 Qe6 25. e5 Rxd1 26. Rxd1 Nd5 27. g3
a6 28. Ra1 g5 29. Rxa6 gxf4 30. Bd6 fxg3 31. Rxc6 Ra8 32. hxg3 Qh3 33. Kf2 Ra2
34. Rc8+ Kf7 0-1

[Event "ch-NOR 2013"]
[Site "Lillehammer NOR"]
[Date "2013.06.29"]
[Round "1.7"]
[White "Lie, Espen"]
[Black "Lovik, Lasse Ostebo"]
[Result "1-0"]
[WhiteTitle "IM"]
[BlackTitle "FM"]
[WhiteElo "2457"]
[BlackElo "2311"]
[WhiteFideId "1502611"]
[BlackFideId "1505033"]
[EventDate "2013.06.29"]

1. Nf3 e6 2. g3 Nf6 3. Bg2 d5 4. O-O b5 5. d4 Be7 6. Ne5 O-O 7. Nd2 Bb7 8. Nb3
a5 9. a4 b4 10. c4 Nbd7 11. Bf4 c6 12. Rc1 Nxe5 13. Bxe5 Bd6 14. Bxf6 Qxf6 15.
e4 dxe4 16. Bxe4 Rfd8 17. f4 g6 18. Qf3 Ra6 19. Rfd1 Ba8 20. Qf2 Bf8 21. Bf3 Ra7
22. Kg2 Rad7 23. Rd2 Bg7 24. Rcd1 h5 25. Nxa5 Rxd4 26. Rxd4 Rxd4 27. Rxd4 Qxd4
28. Qxd4 Bxd4 29. Bxc6 Bb6 30. Bxa8 Bxa5 31. c5 Bd8 32. Kf3 Kf8 33. Ke4 b3 34.
Kd3 Bf6 35. Kc4 Bxb2 36. a5 f5 37. Kxb3 1-0

[Event "ch-NOR 2013"]
[Site "Lillehammer NOR"]
[Date "2013.06.29"]
[Round "1.8"]
[White "Holm, Kristian Stuvik"]
[Black "Djurhuus, Rune"]
[Result "1/2-1/2"]
[WhiteTitle "FM"]
[BlackTitle "GM"]
[WhiteElo "2255"]
[BlackElo "2455"]
[WhiteFideId "1508083"]
[BlackFideId "1500082"]
[EventDate "2013.06.29"]

1. Nf3 Nf6 2. c4 g6 3. Nc3 Bg7 4. e4 d6 5. d4 O-O 6. Be2 Na6 7. O-O e5 8. Re1 c6
9. dxe5 dxe5 10. Qxd8 Rxd8 11. Nxe5 Nc5 12. Bf1 Re8 13. Nd3 Ncxe4 14. Nxe4 Rxe4
15. Rxe4 Nxe4 16. Be3 Bf5 17. Rc1 Rd8 18. f3 Nd2 19. Bxd2 Bxd3 20. Bxd3 Rxd3 21.
Rc2 Be5 22. Kf2 f5 23. g3 h5 24. Ke2 Rd7 25. Bg5 Kf7 26. b3 Ke6 27. Rd2 Rxd2+
28. Kxd2 Bd4 29. Be3 Ke5 30. Bf4+ Ke6 31. Be3 Ke5 32. Bf4+ Ke6 33. Be3 Ke5 1/2-1/2

[Event "ch-NOR 2013"]
[Site "Lillehammer NOR"]
[Date "2013.06.29"]
[Round "1.9"]
[White "Moen, Andreas"]
[Black "Moen, Ole Christian"]
[Result "1-0"]
[WhiteTitle "IM"]
[BlackTitle "FM"]
[WhiteElo "2410"]
[BlackElo "2234"]
[WhiteFideId "1501453"]
[BlackFideId "1500457"]
[EventDate "2013.06.29"]

1. e4 e5 2. Nf3 Nc6 3. Bb5 a6 4. Ba4 d6 5. c3 Bd7 6. O-O Nf6 7. Re1 g6 8. d4 b5
9. Bc2 Bg7 10. h3 O-O 11. Be3 Re8 12. Nbd2 exd4 13. cxd4 Nb4 14. Bb1 a5 15. a3
Na6 16. Bd3 c5 17. Rc1 c4 18. Bb1 a4 19. Bg5 Qb6 20. e5 Nd5 21. Ne4 h6 22. Nxd6
hxg5 23. Nxg5 Be6 24. Qf3 Rf8 25. Nxe6 fxe6 26. Qg4 Nac7 27. Qxg6 Rf5 28. Bxf5
exf5 29. Qf7+ Kh8 30. Nxf5 Bh6 31. Qh5 Nf4 32. Qxh6+ Qxh6 33. Nxh6 Nd3 34. Nf7+
Kg7 35. Nd6 Nxb2 36. e6 Nd3 37. e7 Nxc1 38. Rxc1 Kf6 39. Re1 Ne8 40. Nxb5 Rb8
41. Re5 1-0

[Event "ch-NOR 2013"]
[Site "Lillehammer NOR"]
[Date "2013.06.29"]
[Round "1.10"]
[White "Chavannes, Ivar"]
[Black "Stokke, Kjetil"]
[Result "1/2-1/2"]
[BlackTitle "IM"]
[WhiteElo "2181"]
[BlackElo "2385"]
[WhiteFideId "1502069"]
[BlackFideId "1502964"]
[EventDate "2013.06.29"]

1. d4 Nf6 2. c4 g6 3. Nc3 Bg7 4. e4 O-O 5. Be2 d6 6. Nf3 e5 7. O-O Nc6 8. Be3
Ng4 9. Bg5 f6 10. Bh4 g5 11. Bg3 Nh6 12. d5 Ne7 13. Qd2 Ng6 14. Rfd1 Nf7 15. Ne1
g4 16. f4 Bh6 17. Nd3 f5 18. Rf1 fxe4 19. Nxe4 Bf5 20. Nef2 Qd7 21. Rae1 Rae8
22. Bd1 e4 23. Nb4 e3 24. Rxe3 Nxf4 25. Nxg4 Bxg4 26. Bxf4 Bxf4 27. Rxf4 Bxd1
28. Rg3+ Kh8 29. Qxd1 Ne5 30. Qd4 Qa4 31. a3 Rxf4 32. Qxf4 Qd1+ 33. Kf2 Ng6 34.
Qf6+ Kg8 35. Rxg6+ hxg6 36. Qxg6+ Kf8 37. Qf6+ 1/2-1/2

[Event "ch-NOR 2013"]
[Site "Lillehammer NOR"]
[Date "2013.06.29"]
[Round "1.11"]
[White "Gronn, Atle"]
[Black "Kvisla, Johannes Luangtep"]
[Result "1-0"]
[WhiteTitle "IM"]
[WhiteElo "2368"]
[BlackElo "2175"]
[WhiteFideId "1500961"]
[BlackFideId "1504533"]
[EventDate "2013.06.29"]

1. c4 e6 2. g3 d5 3. Bg2 Nf6 4. Nf3 dxc4 5. Qa4+ Nbd7 6. O-O a6 7. Qxc4 b5 8.
Qc2 Bb7 9. d3 c5 10. b3 Be7 11. Bb2 O-O 12. Nbd2 Qb6 13. Rac1 Rac8 14. Qb1 Rfd8
15. Qa1 Ne8 16. a3 Bf6 17. Rc2 Bxb2 18. Qxb2 Rc7 19. Rfc1 Rdc8 20. Ne5 Nxe5 21.
Qxe5 Bxg2 22. Kxg2 f6 23. Qe3 Qb7+ 24. f3 Qd5 25. Ne4 Qxb3 26. Rxc5 Rxc5 27.
Nxc5 Qa2 28. Ra1 Qd5 29. Nxa6 Ra8 30. Nb4 Qb3 31. Qe4 Nc7 32. Rc1 Ra7 33. Qd4
Qxa3 34. Qd8+ Kf7 35. Rxc7+ Rxc7 36. Qxc7+ Kg6 37. Qc5 Qb2 38. Kf2 Qa1 39. g4 e5
40. h4 Qh1 41. h5+ Kg5 42. Nc2 Kh4 43. Qxb5 Kh3 44. Qc4 Kh2 45. Ke3 Qc1+ 46. Ke4
Qd2 47. Ne3 Qxe2 48. Qc2 Qxc2 49. Nxc2 Kg3 50. Ne3 g6 51. Nd5 f5+ 52. gxf5 gxf5+
53. Kxe5 Kxf3 54. Kxf5 1-0

[Event "ch-NOR 2013"]
[Site "Lillehammer NOR"]
[Date "2013.06.30"]
[Round "2.1"]
[White "Ostenstad, Berge"]
[Black "Hammer, Jon Ludvig"]
[Result "0-1"]
[WhiteTitle "GM"]
[BlackTitle "GM"]
[WhiteElo "2467"]
[BlackElo "2599"]
[WhiteFideId "1500058"]
[BlackFideId "1503707"]
[EventDate "2013.06.29"]

1. c4 e5 2. g3 Nf6 3. Bg2 d5 4. cxd5 Nxd5 5. Nc3 Nb6 6. Nf3 Nc6 7. O-O Be7 8. a3
O-O 9. d3 Be6 10. Be3 Nd5 11. Nxd5 Bxd5 12. Qa4 a6 13. Rfc1 f5 14. Bc5 Kh8 15.
e4 fxe4 16. dxe4 Be6 17. Be3 Bd6 18. Ne1 b5 19. Qd1 Na5 20. Rc3 Nc4 21. Qe2 Nxe3
22. Qxe3 c5 23. Qe2 c4 24. Rd1 Qb6 25. Nc2 Bc5 26. Rf3 Rxf3 27. Bxf3 Rf8 28. Kg2
c3 29. bxc3 Bc4 30. Qd2 Qf6 31. Ne1 Bxa3 32. Qe3 a5 33. Ra1 Qe7 34. Nd3 a4 35.
Nxe5 Bb2 36. Nxc4 Bxa1 37. Nb6 Qa7 38. c4 b4 39. c5 Be5 40. Bg4 a3 0-1

[Event "ch-NOR 2013"]
[Site "Lillehammer NOR"]
[Date "2013.06.30"]
[Round "2.2"]
[White "Lie, Kjetil A."]
[Black "Lie, Espen"]
[Result "0-1"]
[WhiteTitle "GM"]
[BlackTitle "IM"]
[WhiteElo "2532"]
[BlackElo "2457"]
[WhiteFideId "1501984"]
[BlackFideId "1502611"]
[EventDate "2013.06.29"]

1. d4 d5 2. c4 e6 3. Nf3 c6 4. Nc3 f5 5. Bf4 Nf6 6. e3 Bd6 7. Bd3 O-O 8. O-O Ne4
9. Qc2 b6 10. cxd5 exd5 11. Ne2 Bb7 12. Rac1 Qe7 13. Bxd6 Qxd6 14. Ne5 Nd7 15.
f4 Rac8 16. Nc3 Ndf6 17. Qa4 a5 18. Bxe4 fxe4 19. Rf2 c5 20. Rfc2 Qe6 21. Nb5
Ng4 22. Nxg4 Qxg4 23. dxc5 Rxc5 24. Rxc5 bxc5 25. Nd6 Qe2 26. Qa3 Ba8 27. Qxc5
Qxb2 28. Rc2 Qa1+ 29. Kf2 h5 30. Rd2 Qf6 31. g3 h4 32. g4 Qa1 33. Nf5 Qh1 34.
Nxh4 Qxh2+ 35. Ng2 Qh3 36. g5 Rc8 37. Qa3 d4 38. g6 Bd5 39. Kg1 d3 40. Rf2 Qd7
41. Qxa5 Rc1+ 42. Kh2 Rc2 43. Rd2 Be6 44. Kg3 Rxd2 45. Qxd2 Bh3 46. Ne1 Qg4+ 47.
Kh2 Bf1 48. Qa5 Qxg6 49. Qd5+ Kh8 50. a4 Be2 51. Qd8+ Kh7 52. a5 Qh5+ 53. Kg3
Qh1 54. Kf2 Qf1+ 0-1

[Event "ch-NOR 2013"]
[Site "Lillehammer NOR"]
[Date "2013.06.30"]
[Round "2.3"]
[White "Elsness, Frode"]
[Black "Moen, Andreas"]
[Result "1-0"]
[WhiteTitle "IM"]
[BlackTitle "IM"]
[WhiteElo "2494"]
[BlackElo "2410"]
[WhiteFideId "1501100"]
[BlackFideId "1501453"]
[EventDate "2013.06.29"]

1. d4 d5 2. c4 dxc4 3. e4 Nc6 4. Nf3 Bg4 5. d5 Ne5 6. Bf4 Ng6 7. Be3 e5 8. Bxc4
Nh4 9. Rg1 Bd6 10. Nbd2 Ne7 11. Qb3 Nxf3+ 12. gxf3 Bd7 13. h4 O-O 14. h5 f5 15.
f4 b5 16. Be2 Kh8 17. fxe5 Bxe5 18. Nf3 f4 19. Bd2 Bd6 20. e5 Nf5 21. exd6 Qe8
22. dxc7 b4 23. Qxb4 a5 24. Qc5 Bc8 25. d6 Ba6 26. Ne5 Nxd6 27. Qxd6 Bxe2 28.
Kxe2 Qxh5+ 29. Kf1 Rae8 30. Bc3 Qh3+ 31. Ke1 Qh2 32. Rf1 f3 33. c8=Q Qf4 34.
Qcc6 1-0

[Event "ch-NOR 2013"]
[Site "Lillehammer NOR"]
[Date "2013.06.30"]
[Round "2.4"]
[White "Djurhuus, Rune"]
[Black "Gronn, Atle"]
[Result "0-1"]
[WhiteTitle "GM"]
[BlackTitle "IM"]
[WhiteElo "2455"]
[BlackElo "2368"]
[WhiteFideId "1500082"]
[BlackFideId "1500961"]
[EventDate "2013.06.29"]

1. e4 d6 2. d4 Nf6 3. f3 e5 4. c4 exd4 5. Qxd4 Nc6 6. Qd1 g6 7. Nc3 Bg7 8. Nge2
O-O 9. Bg5 Ne5 10. Nd4 a6 11. Be2 h6 12. Bh4 c6 13. a4 Qb6 14. Qd2 Nfd7 15. Bf2
Nc5 16. O-O Qb4 17. Qc2 a5 18. Rac1 Qb6 19. Rcd1 Qc7 20. h3 Na6 21. f4 Nd7 22.
Qd2 Ndc5 23. f5 Re8 24. Bf3 Nb4 25. Ndb5 cxb5 26. Nxb5 Qe7 27. Nxd6 Ncd3 28.
Nxe8 Qxe8 29. b3 Nxf2 30. Qxf2 Nc6 31. Qc5 Ne5 32. Qd5 g5 33. Qd8 Bd7 34. Qxe8+
Bxe8 35. Rd6 Bf8 36. Rd5 f6 37. Rfd1 Be7 38. Kf2 h5 39. Be2 Bc6 40. Bxh5 Bxd5
41. exd5 Bc5+ 42. Kf1 Kf8 43. Ke2 Ke7 44. Kd2 Rh8 45. Be2 Rh4 46. Rf1 Rd4+ 47.
Kc2 Re4 48. Bh5 Re3 49. Rd1 Kd6 50. Rd2 Bb4 51. Re2 Rc3+ 0-1

[Event "ch-NOR 2013"]
[Site "Lillehammer NOR"]
[Date "2013.06.30"]
[Round "2.5"]
[White "Stubberud, Ornulf"]
[Black "Johannessen, Leif Erlend"]
[Result "0-1"]
[WhiteTitle "FM"]
[BlackTitle "GM"]
[WhiteElo "2327"]
[BlackElo "2520"]
[WhiteFideId "1503758"]
[BlackFideId "1501674"]
[EventDate "2013.06.29"]

1. e4 e5 2. Nf3 Nc6 3. Bb5 a6 4. Ba4 Nf6 5. O-O Be7 6. Re1 b5 7. Bb3 d6 8. c3
O-O 9. h3 Nb8 10. d4 Nbd7 11. Nbd2 Bb7 12. Bc2 Re8 13. Nf1 Bf8 14. Ng3 g6 15. b3
Bg7 16. Bb2 c6 17. Qd2 Qc7 18. Rad1 Rad8 19. Qc1 Nf8 20. Bb1 Ne6 21. dxe5 dxe5
22. c4 Nd7 23. Nf1 b4 24. Ne3 h5 25. Bc2 Ndc5 26. Qa1 Nd4 27. Nxd4 exd4 28. Nf1
Ne6 29. Bd3 c5 30. Nd2 Nf4 31. Bf1 h4 32. Qb1 Qe5 33. Bc1 Qh5 34. a3 a5 35. a4
f5 36. f3 Qg5 37. exf5 Nxh3+ 38. Kh1 Nf2+ 39. Kg1 Nh3+ 40. Kh1 Nf2+ 41. Kg1 Qg3
42. Ne4 Bxe4 43. fxe4 Be5 0-1

[Event "ch-NOR 2013"]
[Site "Lillehammer NOR"]
[Date "2013.06.30"]
[Round "2.6"]
[White "Tari, Aryan"]
[Black "Urkedal, Frode"]
[Result "0-1"]
[WhiteTitle "FM"]
[BlackTitle "IM"]
[WhiteElo "2354"]
[BlackElo "2470"]
[WhiteFideId "1510045"]
[BlackFideId "1506102"]
[EventDate "2013.06.29"]

1. e4 e5 2. Nf3 Nc6 3. Bc4 Nf6 4. Ng5 d5 5. exd5 Na5 6. Bb5+ c6 7. dxc6 bxc6 8.
Bd3 Nd5 9. Nf3 Bd6 10. O-O Nf4 11. Re1 Nxd3 12. cxd3 O-O 13. Nxe5 Re8 14. d4 c5
15. Qf3 Bxe5 16. dxe5 Bb7 17. Qc3 Nc6 18. Na3 Qd5 19. Nc2 Nxe5 20. f3 Re6 21. b3
Nxf3+ 22. gxf3 Qg5+ 23. Kf2 Qh4+ 24. Kg2 Rg6+ 25. Kf1 Qxh2 0-1

[Event "ch-NOR 2013"]
[Site "Lillehammer NOR"]
[Date "2013.06.30"]
[Round "2.7"]
[White "Stokke, Kjetil"]
[Black "Holm, Kristian Stuvik"]
[Result "1/2-1/2"]
[WhiteTitle "IM"]
[BlackTitle "FM"]
[WhiteElo "2385"]
[BlackElo "2255"]
[WhiteFideId "1502964"]
[BlackFideId "1508083"]
[EventDate "2013.06.29"]

1. c4 Nf6 2. Nf3 e6 3. Nc3 Bb4 4. Qc2 O-O 5. a3 Bxc3 6. Qxc3 b6 7. g3 Bb7 8. Bg2
d5 9. cxd5 Nxd5 10. Qc2 c5 11. d3 Nc6 12. O-O Rc8 13. e3 Qd7 14. b3 Rfd8 15. Bb2
Ba6 16. Rfd1 f6 17. Rd2 Na5 18. Rb1 Qb5 19. Ba1 Qd7 20. Qa2 Nc6 21. Rbd1 e5 22.
h4 Qf7 23. Qb1 Re8 24. Bh3 Rcd8 25. Bf5 Bc8 26. Be4 f5 27. Ng5 Qd7 28. Bg2 h6
29. Nf3 Qf7 30. b4 cxb4 31. axb4 b5 32. d4 e4 33. Ne5 Nxe5 34. dxe5 Be6 35. Bd4
Rc8 36. Qb2 Rc4 37. Bc5 Nc3 38. Rc1 Na4 39. Qa3 Nxc5 40. Rxc4 Bxc4 41. bxc5 Qc7
42. c6 Qxc6 43. Qxa7 Qe6 44. Bh3 Qxe5 45. Qd7 Rf8 46. Rd4 Qc5 47. Qb7 Qb4 48.
Rd1 Kh8 49. Ra1 Qc3 50. Rb1 Qc2 51. Ra1 Qc3 52. Rd1 Bd3 53. Qe7 Qf6 54. Qc5 Bc4
55. Bf1 Bxf1 56. Kxf1 Rb8 57. Rd4 Qg6 58. Qc7 Ra8 59. Rd8+ Rxd8 60. Qxd8+ Kh7
61. Qd7 b4 62. Qb5 1/2-1/2

[Event "ch-NOR 2013"]
[Site "Lillehammer NOR"]
[Date "2013.06.30"]
[Round "2.8"]
[White "Getz, Nicolai"]
[Black "Chavannes, Ivar"]
[Result "1-0"]
[WhiteTitle "IM"]
[WhiteElo "2359"]
[BlackElo "2181"]
[WhiteFideId "1505572"]
[BlackFideId "1502069"]
[EventDate "2013.06.29"]

1. d4 Nf6 2. c4 e6 3. Nc3 Bb4 4. Qc2 O-O 5. Nf3 b6 6. e4 d5 7. e5 Ne4 8. Bd3 Bb7
9. O-O Bxc3 10. bxc3 h6 11. Ne1 Qh4 12. g3 Qh3 13. cxd5 exd5 14. f3 Ng5 15. Bf5
Qh5 16. h4 Ba6 17. Rf2 Ne4 18. fxe4 g6 19. Bh3 dxe4 20. Qxe4 1-0

[Event "ch-NOR 2013"]
[Site "Lillehammer NOR"]
[Date "2013.06.30"]
[Round "2.9"]
[White "Lovik, Lasse Ostebo"]
[Black "Devereaux, Maxim L"]
[Result "0-1"]
[WhiteTitle "FM"]
[BlackTitle "IM"]
[WhiteElo "2311"]
[BlackElo "2356"]
[WhiteFideId "1505033"]
[BlackFideId "408280"]
[EventDate "2013.06.29"]

1. e4 c5 2. Nf3 Nc6 3. Bb5 g6 4. Bxc6 dxc6 5. d3 Bg7 6. h3 Nf6 7. Be3 b6 8. O-O
O-O 9. a3 Ne8 10. Nc3 Nc7 11. Qd2 a5 12. Rab1 Ne6 13. Bh6 Qc7 14. Bxg7 Kxg7 15.
Rfe1 Nd4 16. Nh2 e5 17. Ng4 Bxg4 18. hxg4 Qd7 19. f3 c4 20. Red1 Rfd8 21. Ne2
Ra7 22. Kf2 Qe7 23. Rh1 f6 24. dxc4 Nf5 25. Qc3 Qc5+ 26. Ke1 Ne3 27. b4 axb4 28.
axb4 Nxg2+ 29. Kf1 Qxc4 30. b5 cxb5 31. Rh2 Qxc3 32. Nxc3 Ne3+ 33. Ke1 Rc7 34.
Rb3 b4 35. Nd5 Nxd5 36. Rd2 Rc3 37. Rb1 Rc5 38. exd5 Rdxd5 39. Rxd5 Rxd5 40.
Rxb4 Rd6 41. Kf2 Kh6 42. Kg3 Rc6 43. Rb5 Rxc2 44. Rxb6 Kg5 45. Rb3 h5 46. gxh5
Kxh5 47. Ra3 Kg5 48. Re3 Kf5 49. Ra3 Rc4 50. Rb3 g5 51. Ra3 g4 52. Rb3 Rf4 53.
fxg4+ Rxg4+ 54. Kf2 e4 55. Rb6 Ke5 56. Ra6 f5 57. Ra5+ Kf4 58. Ra3 Rh4 59. Kf1
Rh2 60. Ra5 e3 61. Rb5 Ke4 62. Kg1 Ra2 63. Rb1 f4 64. Rf1 Rd2 65. Re1 Kf3 66.
Rf1+ Kg3 67. Kh1 e2 68. Rg1+ Kf3 0-1

[Event "ch-NOR 2013"]
[Site "Lillehammer NOR"]
[Date "2013.06.30"]
[Round "2.10"]
[White "Moen, Ole Christian"]
[Black "Hole, Oystein"]
[Result "1-0"]
[WhiteTitle "FM"]
[BlackTitle "IM"]
[WhiteElo "2234"]
[BlackElo "2353"]
[WhiteFideId "1500457"]
[BlackFideId "1501526"]
[EventDate "2013.06.29"]

1. e4 c6 2. d4 d5 3. Nc3 dxe4 4. Nxe4 Bf5 5. Ng3 Bg6 6. Nh3 e6 7. Nf4 Bd6 8.
Ngh5 Bxh5 9. Nxh5 g6 10. Nf4 Nf6 11. g3 Nbd7 12. Bg2 O-O 13. O-O Re8 14. Nd3 e5
15. dxe5 Nxe5 16. Bg5 Kg7 17. Nxe5 Bxe5 18. c3 h6 19. Be3 Qc7 20. Qa4 Nd7 21.
Qh4 h5 22. Qg5 Bf6 23. Qh6+ Kg8 24. Rad1 Rad8 25. Rd2 Nb6 26. Rxd8 Rxd8 27. Re1
Bg7 28. Qg5 Nc4 29. Bf4 Qd7 30. b3 Nb6 31. c4 Re8 32. Rxe8+ Qxe8 33. Be3 Nc8 34.
Bh3 a6 35. Qa5 Nd6 36. Qc7 Be5 37. Bd7 Qe7 38. c5 Ne4 39. Qxb7 Nxc5 40. Qc8+ Kg7
41. Bxc6 Qd6 42. Bf3 Ne6 43. Qb7 h4 44. Kg2 hxg3 45. hxg3 Nc7 46. Bb6 Qe7 47. b4
Qd6 48. Bc5 Qd2 49. a4 Ne6 50. Be3 Qc3 51. Bd5 Nc7 52. Bf3 Ne6 53. Qxa6 Qxb4 54.
Qb5 Qc3 55. a5 Nc7 56. Qc5 Qa1 57. Be2 Ne6 58. Qa7 Qa2 59. Bf3 Nc7 60. Bb6 Qc4
61. Qb7 Kh6 62. Bc6 Qc2 63. a6 Nxa6 64. Be3+ 1-0

[Event "ch-NOR 2013"]
[Site "Lillehammer NOR"]
[Date "2013.06.30"]
[Round "2.11"]
[White "Kvisla, Johannes Luangtep"]
[Black "Kvisvik, Brede"]
[Result "0-1"]
[BlackTitle "FM"]
[WhiteElo "2175"]
[BlackElo "2312"]
[WhiteFideId "1504533"]
[BlackFideId "1502999"]
[EventDate "2013.06.29"]

1. d4 d5 2. Nf3 Nf6 3. g3 b5 4. Bg2 e6 5. O-O Be7 6. Nbd2 Nbd7 7. a4 b4 8. c4
bxc3 9. bxc3 Ba6 10. Re1 O-O 11. e4 Nxe4 12. Nxe4 dxe4 13. Rxe4 c5 14. Re1 Rc8
15. Ne5 Nxe5 16. dxe5 Qa5 17. Qg4 Bd3 18. Bd2 Rfd8 19. Qf4 c4 20. Be3 Qxc3 21.
Bxa7 Bc5 22. Bxc5 Rxc5 23. Qe3 Qa5 24. Be4 g6 25. Bxd3 cxd3 26. Rad1 Rcd5 27. f4
Qxa4 28. Rd2 Kg7 29. Red1 Qc4 30. Kf2 Rd4 31. Re1 Qb4 32. Red1 Qc4 33. Re1 Ra8
34. Red1 Ra3 35. Re1 Rc3 36. Red1 Re4 37. Qf3 Qd4+ 38. Kf1 Re3 39. Qg2 h5 40.
Qb7 Rc2 41. Qg2 Rxd2 42. Qxd2 Re2 43. Qxe2 dxe2+ 44. Kxe2 Qe4+ 45. Kf2 Qc2+ 0-1